000 00786nam a2200217 i 4500
001 C2-0253823
003 PPAK
005 20180727221227.0
008 040410s1977 my |||| ||||| | may d
040 _aPPAK
_beng
_cPPAK
_erda
082 0 4 _a378.595
_223
090 0 0 _a378.595
_bBUK
_dKSA
245 0 0 _aBuku panduan 1977-1978 Universiti Pertanian Malaysia
264 1 _aSerdang, Selangor :
_bUniversiti Pertanian Malaysia ,
_c[1977]
300 _a25 pages ;
_c21 cm
336 _2rdacontent
_atext
337 _2rdamedia
_aunmediated
338 _2rdacarrier
_avolume
650 1 0 _aUniversiti Pertanian Malaysia - Curricula - Periodicals ; Universiti Pertanian Malaysia - Entrance requirements - Periodicals ; Universiti Pertanian Malaysia - Admission - Periodicals
942 _ddc
_cB
999 _c66619
_d66619